Aplikácia demografických metód v poisťovníctve
Aktuárska demografia ako súbor metód a postupov zameraných na využitie rôznych demografických charakteristík v životnom poistení. Pojem úmrtnostné tabuľky. Metódy graduácie. Neparametrické metódy graduácie.
Guardado en:
| Autor principal: | |
|---|---|
| Otros Autores: | , |
| Formato: | Capítulo de libro |
| Lenguaje: | eslovaco |
| Materias: | |
| Etiquetas: |
Sin Etiquetas, Sea el primero en etiquetar este registro!
|
MARC
| LEADER | 00000naa$a2200000$$$4500 | ||
|---|---|---|---|
| 001 | 0068137 | ||
| 005 | 20240502071824.3 | ||
| 041 | 0 | |a slo | |
| 044 | |a SK | ||
| 245 | 1 | 0 | |a Aplikácia demografických metód v poisťovníctve |c Viera Pacáková, Daniela Sivašová, Soňa Sandtnerová |
| 520 | |a Aktuárska demografia ako súbor metód a postupov zameraných na využitie rôznych demografických charakteristík v životnom poistení. Pojem úmrtnostné tabuľky. Metódy graduácie. Neparametrické metódy graduácie. | ||
| 610 | 2 | 0 | |a metódy aktuárske |
| 610 | 2 | 0 | |a demografia |
| 610 | 2 | 0 | |a poisťovníctvo |
| 610 | 2 | 0 | |a úmrtnosť |
| 610 | 2 | 0 | |a poistenie životné |
| 100 | 1 | |a Pacáková, Viera | |
| 700 | 1 | |a Sivašová, Daniela, 1955- | |
| 700 | 1 | |a Sandtnerová, Soňa | |